000 00464nam a2200145 a 4500
001 000046292
005 20201002052751.0
008 150716s1984 dr 000 0 spa d
040 _aDO-SdBNP
_bspa
_cBNPHU
082 _axxxxxxxxx
_bxxxxxxxxx
100 1 _aJ. Franco, Franklin
_974306
245 1 0 _a¿Revolución inminente? /
_cFranklin J. Franco.
260 _aSanto Domingo, República Dominicana :
_bFebreristas
_bAlfa y Omega,
_c1984.
300 _a27 p. : ;
_c18 cm.
999 _c45781
_d45781